000 00342nam a2200145Ia 4500
005 20251222151258.0
008 251222s9999||||xx |||||||||||||| ||spa||
020 _a8480880643
082 _a657.3/A52
100 _aAmat, Oriol
245 0 _aAnálisis de Estados Financieros:
250 _a1ra.ed.
264 _bGestión 2000
942 _cLIB
999 _c22882
_d22882